1389 1958 1807 1224 1296 1162 1284 1023 1264 1692 1008 1954 1514 1546 1591 1244 1337 1080 1966 1528 1093 1036 1034 1114 1291 1978 1267 1225 1982 1332 1201 1552 1779 1682 1937 1004 1901 1408 1100 1233 1329 1693 1141 1377 1690 1696 1286 1429 1881 1809 1321 1848 1855 1157 1779 1347 1601 1704 1958 1866 1790 1538 1810 1140 1077 1507 1762 1622 1610 1571 1170 1496 1959 1514 1280 1564 1942 1146 1068 1440 1234 1546 1300 1613 1947 1299 1102 1889 1995 1977 1783 1345 1642 1475 1778 1857 1861 1008 1569 BCNSPRNW ULIB Ver.6.0+V

เปลี่ยนเป็นภาษาไทย

Change to English
 แสดงรายละเอียดบรรณานุกรม
  กลับหน้าหลัก

Brief Record : Get Marc (ISO 2709) : E-mail record : QR code < ปิดหน้าต่าง
LEADER : 00000nam 2200000uu 4500
001    13399122029
003     ULIB
008    121220s2551||||th 000 0 tha d
020    ^a9749085876
020    ^a9789749085875
060 04 ^aWG340^bป411ล 2551
100 0  ^aประสาร เปรมะสกุล,^cพล.อ.
245 10 ^aลดความดันเลือด ด้วยตัวเอง /^cประสาร เปรมะสกุล
250    ^aพิมพ์ครั้งที่ 9
260    ^aกรุงเทพฯ :^bอรุณการพิมพ์,^c2551
300    ^a(12), 356 หน้า :^bภาพประกอบ ;^c21 ซม.
440  0 ^aชุดชีววิถึแนวใหม่ ;^vเล่มที่ 2
650  7 ^aความดันเลือดสูง
945    ^p295^l0^i15884
945    ^p295^l0^i15885
995    ^aกัณชพร
999 ^a ใช้งานได้ทุกระบบ
รายการนี้ยังไม่มีแท็ก
คุณยังไม่ได้ล็อกอิน คุณสามารถมีกิจกรรมร่วมกับเว็บไซต์ได้ แต่ต้องล็อกอินก่อน ::
  ล็อกอิน

รายการสื่อสารสนเทศ

ลำดับที่ ประเภท เลขเรียก/บาร์โค้ด สถานที่ สถานะ
1. วิทยาศาสตร์การแพทย์ และสุขภาพ
วิทยาศาสตร์การแพทย์ และสุขภาพ
WG340 ป411ล 2551  
  Barcode: 15884
ห้องสมุดวิทยาเขตสวรรค์ประชารักษ์
►หนังสือทั่วไป
บนชั้น
2. วิทยาศาสตร์การแพทย์ และสุขภาพ
วิทยาศาสตร์การแพทย์ และสุขภาพ
WG340 ป411ล 2551 ฉ.2 
  Barcode: 15885
ห้องสมุดวิทยาเขตสวรรค์ประชารักษ์
►หนังสือทั่วไป
บนชั้น

รายการใกล้เคียง
    หัวเรื่อง [ความดันเลือดสูง]

BibComment


ยังไม่เคยถูกคอมเมนท์

คอมเมนท์ทรัพยากรรายการนี้
  คอมเมนท์: ลดความดันเลือด ด..


 Copyright 2026. Bcnsprnw @Library